00886nam a2200253 a 450000100060000000300080000600500170001400800410003103500190007204000420009104100080013308200260014110000190016724500840018626000460027030000240031649000300034050000810037065000250045165000500047665000290052671000460055583000310060143702BD-RjUL20211209053735.0160626s1965 enk 000 0 eng  a(BD-RjUL)43820 aDLCcWSUdSERdONSdUKMdBD-RjULbeng aeng a321.021223bCAW 19651 aCamps, Miriam.10aWhat kind of Europe? :bThe community since De Gaulle's veto /cby Miriam Camps aLondon :bOxford University Press,c1965. ax, 140 p. ;c19 cm.1 aChatham House essays ;v8 a"Issued under the auspices of the Royal Institute of International Affairs." 0aEuropean federation. 0aEurope. Politique générale. Après 1960. 0aEurope. Marché commun.2 aRoyal Institute of International Affairs. 0aChatham House essays ;v8.